Online
Catalog

Código de procedimiento civil de la República Dominicana / (Record no. 45947)

MARC details
000 -CABECERA
campo de control de longitud fija 01097nam a2200253 a 4500
001 - NÚMERO DE CONTROL
campo de control 000046458
005 - FECHA Y HORA DE LA ÚLTIMA TRANSACCIÓN
campo de control 20201002052902.0
008 - DATOS DE LONGITUD FIJA--INFORMACIÓN GENERAL
campo de control de longitud fija 100301d2015 dr f001 0 spa d
040 ## - FUENTE DE LA CATALOGACIÓN
Centro catalogador/agencia de origen DO-SdBNP
Lengua de catalogación spa
Centro/agencia transcriptor BNPHU
082 ## - NÚMERO DE LA CLASIFICACIÓN DECIMAL DEWEY
Número de clasificación 347.7293
Número de documento/Ítem R426c
049 ## - FONDOS LOCALES (OCLC)
Fondos de biblioteca BNPD
110 1# - ENTRADA PRINCIPAL--NOMBRE DE ENTIDAD CORPORATIVA
Nombre de entidad corporativa o nombre de jurisdicción como elemento de entrada República Dominicana.
9 (RLIN) 447
240 10 - TÍTULO UNIFORME
Título uniforme Código de Procedimiento Civil
245 10 - MENCIÓN DE TÍTULO
Título Código de procedimiento civil de la República Dominicana /
Mención de responsabilidad, etc. compilación Trajano Vidal Potentini, Salvador Potentini.
246 13 - FORMA VARIANTE DE TÍTULO
Título propio/Titulo breve Código de procedimiento civil de la República Dominicana y legislación complementaria /
250 ## - MENCIÓN DE EDICIÓN
Mención de edición edición actualizada
260 ## - PUBLICACIÓN, DISTRIBUCIÓN, ETC.
Lugar de publicación, distribución, etc. Santo Domingo :
Nombre del editor, distribuidor, etc. Editora Dalí,
Fecha de publicación, distribución, etc. 2015.
300 ## - DESCRIPCIÓN FÍSICA
Extensión 568 p. ;
Dimensiones 24 cm.
500 ## - NOTA GENERAL
Nota general Modificado con más de 25 leyes y revidado con más de 30leyes ,diversas constituciones y los códigos vigentes y aprobados
650 #4 - PUNTO DE ACCESO ADICIONAL DE MATERIA--TÉRMINO DE MATERIA
Término de materia o nombre geográfico como elemento de entrada Derecho civil
Subdivisión general Legislación
Subdivisión geográfica República Dominicana
9 (RLIN) 6943
650 #4 - PUNTO DE ACCESO ADICIONAL DE MATERIA--TÉRMINO DE MATERIA
Término de materia o nombre geográfico como elemento de entrada Procedimiento civil
Subdivisión general Legislación
Subdivisión geográfica República Dominicana
9 (RLIN) 11714
650 #4 - PUNTO DE ACCESO ADICIONAL DE MATERIA--TÉRMINO DE MATERIA
Término de materia o nombre geográfico como elemento de entrada Leyes
Subdivisión geográfica República Dominicana
9 (RLIN) 3033
700 1# - PUNTO DE ACCESO ADICIONAL--NOMBRE DE PERSONA
Nombre de persona Tavárez, F.,
Término indicativo de función/relación pról.
9 (RLIN) 74460
Holdings
Estado de retiro Estado de pérdida No para préstamo Código de colección Localización permanente Ubicación/localización actual Ubicación en estantería Fecha de adquisición Número de inventario Total de préstamos Signatura topográfica completa Código de barras Fecha visto por última vez Precio válido a partir de Tipo de ítem Koha
      Patrimonio Dominicano General General Orden iniciada 17.08.2015 LF1   347.7293 R426c 46458-20 25.06.2020 25.06.2020 Libro y Folleto Colección Patrimonio Dominicano
      Patrimonio Dominicano General General Orden iniciada 17.08.2015 LF1   347.7293 R426c 46458-30 25.06.2020 25.06.2020 Libro y Folleto Colección Patrimonio Dominicano
      Patrimonio Dominicano General General Orden iniciada 17.08.2015 LF1   347.7293 R426c 46458-40 25.06.2020 25.06.2020 Libro y Folleto Colección Patrimonio Dominicano
      Patrimonio Dominicano Patrimonio Dominicano Patrimonio Dominicano Orden iniciada 17.08.2015 LF1   347.7293 R426c 46458-10 25.06.2020 25.06.2020 Libro y Folleto Colección Patrimonio Dominicano

Powered by Koha